LEADER 01004nam0-2200253 --450 001 9910354759303321 005 20191223114951.0 010 $a9780199651719 100 $a20191212d2019----kmuy0itay5050----ba 101 0 $aeng 200 1 $aAnalytical chemistry$ea practical approach$fE. Hywel Evans and Mike E. Foulkes 210 1$aOxford$cOxford University Press$d2019 215 $axviii, 255 pages$cill. ;$d27 cm 300 $aSul frontespizio: E. Hywel Evans, Associate Lecturer at the Open University, and formerly Reader in Analytical Chemistry, University of Plymouth, UK. - Mike E. Foulkes, Formerly Senior Lecturer in Environmental and Analytical Chemistry, University of Plymouth, UK. 610 0 $aChimica analitica 700 1$aEvans,$bE. Hywel$0281830 702 1$aFoulkes,$bMike E. 801 0$aIT$bUNINA$gRICA$2UNIMARC 901 $aBK 912 $a9910354759303321 952 $a80 V A 25$bBFA175/2019$fFFABC 959 $aFFABC 996 $aAnalytical chemistry$91568420 997 $aUNINA LEADER 00852nam a2200205 i 4500 001 991004312535507536 005 20250709110952.0 008 240318s1946 it a dr f 001 0 ita d 040 $aBibl. Interfacoltà T. Pellegrino$bita$cSocioculturale Scs 041 0 $aita 082 04$a516.0076$223 100 1 $aPolidori, Ciro$0103694 245 10$aLa geometria per la scuola media inferiore : prospetti riassuntivi, note storiche, numerosissime figure, mille esercizi e problemi 250 $a2. ed. completamente rifatta ed ampliata 260 $aFirenze :$bLe Monnier,$c1946 300 $a217 p. ; 22 cm 650 4$aGeometria$vTesti per l'insegnamento 912 $a991004312535507536 996 $aLa geometria per la scuola media inferiore : prospetti riassuntivi, note storiche, numerosissime figure, mille esercizi e problemi$94132957 997 $aUNISALENTO